| 000 | 01307cam a22004094i 4500 | ||
|---|---|---|---|
| 003 | PE-LiUPU | ||
| 005 | 20250731173231.0 | ||
| 008 | 150625s r 000 0 d | ||
| 035 | _a(Sirsi) a34537 | ||
| 040 |
_aPE-LiUPU _bspa _cPE-LiUPU _erda |
||
| 082 | 0 | 4 |
_a261.85 _bC87 _221 |
| 100 | 1 |
_aSeverino, J., _eautor. |
|
| 245 | 1 | 4 |
_aLos pobres : _bencuentro y compromiso / _cJ. Severino. |
| 264 | 1 |
_aBuenos Aires : _bEditorial La Aurora, _c[1978]. |
|
| 300 |
_a252 paáginas ; _c23 centíimetros. |
||
| 336 |
_atext _2rdacontent |
||
| 337 |
_aunmediated _2rdamedia |
||
| 338 |
_avolume _2rdacarrier |
||
| 500 | _aEnsayos por miembros de la Facultad del Instituto Superior Evangélico de Estudios Teológicos. | ||
| 526 | _aSEG42 | ||
| 526 | _aSEG41 | ||
| 526 | _aSEG40 | ||
| 526 | _aSEG39 | ||
| 526 | _aP94 | ||
| 526 | _aP87 | ||
| 526 | _aP86 | ||
| 526 | _aP85 | ||
| 526 | _aP77 | ||
| 526 | _aP76 | ||
| 526 | _aP35 | ||
| 650 | 0 |
_aPobres _xEnseñanza bíblica _91351 |
|
| 650 | 0 |
_aPobreza _xAspectos religiosos _xCristianismo _91352 |
|
| 942 |
_2ddc _cBK |
||
| 949 |
_a261.85 C87 _wDEWEY _c1 _i28912 _lCCODEBUL1 _mBUL _p00.00 _r0 _sY _tBOOK _u2015-06-25 _xBIBLIOTECA _zUNKNOWN _0COMPRA _o.STAFF. Colección General |
||
| 999 |
_c42404 _d42404 |
||
| 980 |
_81 _gALBERTO SANCHEZ Responsable de Automatización |
||